000 00206 a2200097 4500
020 _a9781603961936
041 _aspa
100 _aMegan McDonald
245 _aStink el increible niò¨ Menguante
942 _cBK
999 _c31017
_d31015